[Event "Medellin Easter op 11th"]
[Site "Medellin"]
[Date "2023.04.09"]
[Round "6"]
[White "Soto, Miguel Angel"]
[Black "Blandon, Luis Guillermo"]
[Result "1-0"]
[WhiteElo "2352"]
[BlackElo "2251"]
[PlyCount "97"]
[EventDate "2023.04.05"]
[EventType "swiss"]
[EventRounds "7"]
[EventCountry "COL"]
[SourceTitle "CBM 213 Extra"]
[Source "ChessBase"]
[SourceDate "2023.05.31"]
[SourceVersion "1"]
[SourceVersionDate "2023.05.31"]
[SourceQuality "1"]

1. Nf3 c5 2. g3 Nc6 3. d4 cxd4 4. Nxd4 g6 5. Bg2 Bg7 6. Nxc6 dxc6 7. Qxd8+ Kxd8 8. c3 e5 9. Na3 Be6 10. h4 Nf6 11. Bh3 Bxh3 12. Rxh3 Kc7 13. Bg5 Ne4 14. f3 Nd6 15. e4 f6 16. Be3 b6 17. h5 Rad8 18. Ke2 g5 19. g4 Rd7 20. Rhh1 Rhd8 21. Rhd1 Bf8 22. Nc2 Nb7 23. Rxd7+ Rxd7 24. Bd2 a5 25. b4 Rd8 26. Ne3 Nd6 27. a4 Ra8 28. b5 cxb5 29. Nd5+ Kc6 30. Nxf6 h6 31. Kd3 bxa4 32. c4 Nb7 33. Nd5 Bc5 34. Bc3 Kd6 35. Rxa4 Rf8 36. Ke2 Nd8 37. Ne3 Ne6 38. Nf5+ Kc6 39. Bxe5 Bb4 40. Nxh6 Kc5 41. Nf5 Kxc4 42. h6 Kb3 43. Rxb4+ axb4 44. h7 Ka2 45. h8Q Rxh8 46. Bxh8 b3 47. Ne3 b5 48. Nd1 b4 49. Kd3 1-0

[Event "FISU World University"]
[Site "Tornelo INT"]
[Date "2020.10.26"]
[Round "1.29"]
[White "Blandon, Luis Guillermo"]
[Black "Ketipearachchi, Dilanka Hideo"]
[Result "1-0"]
[WhiteElo "2251"]
[BlackElo "1510"]
[PlyCount "93"]
[EventDate "2020.10.26"]
[EventType "team-swiss (rapid)"]
[EventRounds "9"]
[EventCountry "NET"]
[SourceTitle "CBM 199 Extra"]
[Source "ChessBase"]
[SourceDate "2021.01.31"]
[SourceVersion "1"]
[SourceVersionDate "2021.01.31"]
[SourceQuality "1"]
[WhiteTeam "Colombia"]
[BlackTeam "Sri Lanka V"]
[WhiteTeamCountry "COL"]
[BlackTeamCountry "SRI"]

1. e4 c5 2. Nf3 d6 3. d4 cxd4 4. Nxd4 Nf6 5. Nc3 a6 6. Bg5 e6 7. f4 Be7 8. Qf3 Qc7 9. 0-0-0 Nbd7 10. Bd3 b5 11. Rhe1 Bb7 12. Qg3 Rc8 13. e5 dxe5 14. fxe5 Nd5 15. Nxd5 Bxd5 16. Bxe7 Kxe7 17. Qg5+ Kf8 18. Kb1 Nc5 19. Re3 Na4 20. Be2 h6 21. Qf4 Kg8 22. Rg3 Nc5 23. h4 Ne4 24. Re3 Nf6 25. Rf1 Ne8 26. Bh5 g6 27. Bxg6 fxg6 28. Qf8+ Kh7 29. Rf7+ Qxf7 30. Qxf7+ Ng7 31. Rg3 g5 32. b3 Rhf8 33. Qe7 Rce8 34. Qa7 Ra8 35. Qc5 Nh5 36. Rc3 Bxg2 37. Qe7+ Ng7 38. Nxe6 Rg8 39. Rc7 Rae8 40. Qf6 Rxe6 41. Qxe6 gxh4 42. Qf5+ Kh8 43. Qf6 Kh7 44. Qxh4 Bd5 45. Qf6 h5 46. e6 Bxe6 47. Qxe6 1-0

[Event "FISU World University"]
[Site "Tornelo INT"]
[Date "2020.10.26"]
[Round "3.19"]
[White "Chen, Yiru"]
[Black "Blandon, Luis Guillermo"]
[Result "0-1"]
[WhiteElo "1828"]
[BlackElo "2251"]
[PlyCount "92"]
[EventDate "2020.10.26"]
[EventType "team-swiss (rapid)"]
[EventRounds "9"]
[EventCountry "NET"]
[SourceTitle "CBM 199 Extra"]
[Source "ChessBase"]
[SourceDate "2021.01.31"]
[SourceVersion "1"]
[SourceVersionDate "2021.01.31"]
[SourceQuality "1"]
[WhiteTeam "China III"]
[BlackTeam "Colombia"]
[WhiteTeamCountry "CHN"]
[BlackTeamCountry "COL"]

1. e4 c5 2. Nf3 d6 3. d4 cxd4 4. Nxd4 Nf6 5. Nc3 g6 6. Be3 Bg7 7. f3 0-0 8. Qd2 Nc6 9. 0-0-0 d5 10. Kb1 Nxd4 11. Bxd4 dxe4 12. Nxe4 Nxe4 13. fxe4 Bxd4 14. Qxd4 Bg4 15. Qxd8 Rfxd8 16. Rxd8+ Rxd8 17. Bd3 Kg7 18. h3 Be6 19. b3 Kf6 20. Kb2 Kg5 21. Rf1 Kh4 22. Rf3 h5 23. Kc3 g5 24. Be2 g4 25. hxg4 hxg4 26. Re3 Kg5 27. g3 Kf6 28. e5+ Kg5 29. Re4 Bf5 30. Rc4 Rd5 31. Rc7 Rxe5 32. Bd3 Re3 33. Rxb7 Bxd3 34. cxd3 Rxg3 35. Rxe7 Rf3 36. Re1 g3 37. Kc4 f5 38. d4 g2 39. Rg1 Rf2 40. d5 f4 41. Kd3 f3 42. d6 Kf6 43. Re1 Re2 44. d7 Ke7 45. Rxe2+ fxe2 46. Kxe2 g1Q 0-1

[Event "COL-chT"]
[Site "Cartagena"]
[Date "2019.11.26"]
[Round "5.3"]
[White "Martinez, Jorge Alexander"]
[Black "Blandon, Luis Guillermo"]
[Result "0-1"]
[WhiteElo "2181"]
[BlackElo "2258"]
[PlyCount "96"]
[EventDate "2019.11.24"]
[EventType "team-swiss"]
[EventRounds "7"]
[EventCountry "COL"]
[SourceTitle "CBM 193 Extra"]
[Source "ChessBase"]
[SourceDate "2020.01.31"]
[SourceVersion "1"]
[SourceVersionDate "2020.01.31"]
[SourceQuality "1"]
[WhiteTeam "Santander"]
[BlackTeam "Antioquia"]
[WhiteTeamCountry "COL"]
[BlackTeamCountry "COL"]

1. e4 g6 2. h4 Bg7 3. Nc3 c5 4. h5 Nc6 5. Bc4 e6 6. Nf3 a6 7. d3 d6 8. Bg5 Qc7 9. Bf4 Nf6 10. h6 Bf8 11. Qe2 Nd7 12. Qe3 Be7 13. Bb3 Nde5 14. Bg3 Nxf3+ 15. Qxf3 Nd4 16. Qe3 b5 17. Ne2 Nxb3 18. axb3 Bb7 19. c3 Qd7 20. 0-0 0-0 21. Rad1 Qc6 22. f3 e5 23. d4 f6 24. d5 Qd7 25. c4 a5 26. Nc3 Ba6 27. cxb5 Bxb5 28. Nxb5 Qxb5 29. Ra1 a4 30. bxa4 Rxa4 31. Rxa4 Qxa4 32. Qa3 Ra8 33. Qxa4 Rxa4 34. b3 Rb4 35. Ra1 Rxb3 36. Ra8+ Bf8 37. Rc8 Rb1+ 38. Kh2 g5 39. Kh3 Kf7 40. Kg4 Rg1 41. Kh3 Bxh6 42. Bf2 Rc1 43. Kg4 Rc2 44. Be1 Rxg2+ 45. Kf5 Bf8 46. f4 gxf4 47. Bh4 f3 48. Rc7+ Kg8 0-1

[Event "COL-chT"]
[Site "Cartagena"]
[Date "2019.11.24"]
[Round "1.4"]
[White "Martinez Paipa, Hernan"]
[Black "Blandon, Luis Guillermo"]
[Result "0-1"]
[WhiteElo "1798"]
[BlackElo "2258"]
[PlyCount "52"]
[EventDate "2019.11.24"]
[EventType "team-swiss"]
[EventRounds "7"]
[EventCountry "COL"]
[SourceTitle "CBM 193 Extra"]
[Source "ChessBase"]
[SourceDate "2020.01.31"]
[SourceVersion "1"]
[SourceVersionDate "2020.01.31"]
[SourceQuality "1"]
[WhiteTeam "Norte de Santander"]
[BlackTeam "Antioquia"]
[WhiteTeamCountry "COL"]
[BlackTeamCountry "COL"]

1. e4 g6 2. d4 Bg7 3. Nf3 d6 4. Be2 Nf6 5. Nc3 0-0 6. 0-0 a6 7. a4 Nc6 8. h3 e5 9. Be3 exd4 10. Nxd4 Re8 11. Bf3 Ne5 12. Be2 Ned7 13. f3 d5 14. Bg5 h6 15. Bxf6 Nxf6 16. exd5 Nxd5 17. Nxd5 Qxd5 18. c3 c5 19. Nc2 Qe5 20. Kf2 Bf6 21. Bd3 Qh2 22. Rg1 Bh4+ 23. Kf1 Qg3 24. Qd2 Rd8 25. Ne1 c4 26. Qe2 cxd3 0-1

[Event "Medellin Raza op 9th"]
[Site "Medellin"]
[Date "2019.10.11"]
[Round "2"]
[White "Blandon, Luis Guillermo"]
[Black "Toro Castaneda, Miguel Angel"]
[Result "1/2-1/2"]
[WhiteElo "2259"]
[BlackElo "2090"]
[PlyCount "61"]
[EventDate "2019.10.11"]
[EventType "swiss"]
[EventRounds "8"]
[EventCountry "COL"]
[SourceTitle "CBM 192 Extra"]
[Source "Chessbase"]
[SourceDate "2019.11.06"]
[SourceVersion "1"]
[SourceVersionDate "2019.11.06"]
[SourceQuality "1"]

1. e4 c5 2. Nf3 Nc6 3. Bb5 g6 4. 0-0 Bg7 5. Re1 Nf6 6. c3 d5 7. e5 Nd7 8. d4 Qb6 9. Bf1 e6 10. Na3 0-0 11. Nc2 cxd4 12. cxd4 f6 13. exf6 Nxf6 14. b3 Ne4 15. Be3 Qa5 16. Bd3 Nd6 17. Qd2 Qxd2 18. Bxd2 Bd7 19. Ne5 Nxe5 20. dxe5 Bb5 21. Nb4 Bxd3 22. Nxd3 Ne4 23. Bb4 Rfc8 24. f3 Nc3 25. Kf2 b6 26. Ke3 a5 27. Bxc3 Rxc3 28. Kd2 Rac8 29. Rec1 Rxc1 30. Rxc1 Rxc1 31. Kxc1 1/2-1/2

[Event "Badalona op 45th"]
[Site "Badalona"]
[Date "2019.08.03"]
[Round "2"]
[White "Blandon, Luis Guillermo"]
[Black "Leon Valdes, Jony Wilson"]
[Result "1/2-1/2"]
[WhiteElo "2239"]
[BlackElo "2364"]
[PlyCount "60"]
[EventDate "2019.08.02"]
[EventType "swiss"]
[EventRounds "9"]
[EventCountry "ESP"]
[SourceTitle "EXT 2021"]
[Source "ChessBase"]
[SourceDate "2020.10.23"]
[SourceVersion "1"]
[SourceVersionDate "2020.10.23"]
[SourceQuality "1"]

1. e4 e6 2. d4 d5 3. Nd2 Nf6 4. e5 Nfd7 5. Bd3 c5 6. c3 Nc6 7. Ne2 cxd4 8. cxd4 f6 9. Nf4 Nxd4 10. Qh5+ Ke7 11. exf6+ Nxf6 12. Ng6+ hxg6 13. Qxh8 Kf7 14. Qh4 e5 15. Nf3 Nxf3+ 16. gxf3 Bf5 17. Bxf5 gxf5 18. Bg5 Bc5 19. b4 Bb6 20. 0-0 d4 21. a4 Qd5 22. a5 Bc7 23. f4 Qf3 24. a6 b6 25. Rac1 Bd6 26. fxe5 Bxe5 27. Bxf6 Rh8 28. Qxh8 Qg4+ 29. Kh1 Qf3+ 30. Kg1 Qg4+ 1/2-1/2

[Event "Sitges op 45th"]
[Site "Sitges"]
[Date "2019.07.24"]
[Round "3"]
[White "Lacasa Diaz, Jose Antonio"]
[Black "Blandon, Luis Guillermo"]
[Result "1-0"]
[WhiteElo "2391"]
[BlackElo "2239"]
[PlyCount "47"]
[EventDate "2019.07.22"]
[EventType "swiss"]
[EventRounds "9"]
[EventCountry "ESP"]
[SourceTitle "CBM 191 Extra"]
[Source "ChessBase"]
[SourceDate "2019.09.30"]
[SourceVersion "1"]
[SourceVersionDate "2019.09.30"]
[SourceQuality "1"]

1. Nf3 Nf6 2. b3 g6 3. Bb2 Bg7 4. g3 0-0 5. Bg2 d6 6. d4 Nbd7 7. 0-0 e5 8. dxe5 Ng4 9. Nc3 Ngxe5 10. Nxe5 Nxe5 11. Qd2 f5 12. Rad1 g5 13. f4 gxf4 14. gxf4 Ng6 15. Kh1 Kh8 16. Rg1 Nh4 17. Bd5 Bf6 18. Rg3 c6 19. Rdg1 h6 20. Ne4 fxe4 21. Rg8+ Rxg8 22. Rxg8+ Kh7 23. Rxd8 Bxd8 24. Qd4 1-0

[Event "Pardubice op rapid 30th"]
[Site "Pardubice"]
[Date "2019.07.19"]
[Round "7"]
[White "Nun, Jiri"]
[Black "Blandon, Luis Guillermo"]
[Result "0-1"]
[WhiteElo "2310"]
[BlackElo "2239"]
[PlyCount "80"]
[EventDate "2019.07.17"]
[EventType "swiss (rapid)"]
[EventRounds "9"]
[EventCountry "CZE"]
[SourceTitle "CBM 191 Extra"]
[Source "ChessBase"]
[SourceDate "2019.09.30"]
[SourceVersion "1"]
[SourceVersionDate "2019.09.30"]
[SourceQuality "1"]

1. e4 g6 2. d4 Bg7 3. Be2 c5 4. dxc5 Na6 5. Bxa6 bxa6 6. c3 Bb7 7. f3 Nh6 8. Be3 f5 9. Nd2 e6 10. Nc4 0-0 11. Nd6 Bc6 12. Qd2 Nf7 13. Nxf7 Rxf7 14. exf5 Rxf5 15. Ne2 Rd5 16. Qc2 Qh4+ 17. g3 Qh3 18. Nf4 Qf5 19. Qf2 Bb5 20. Nxd5 Qxd5 21. a4 Bd3 22. Rd1 Rf8 23. Rf1 Qc4 24. Rxd3 Qxd3 25. Qd2 Qb1+ 26. Ke2 Qa2 27. Kf2 Qxa4 28. Kg2 Rf5 29. Rd1 Rd5 30. Bd4 e5 31. Re1 exd4 32. Re8+ Kf7 33. Qe2 Bf6 34. Rc8 Re5 35. Qd3 dxc3 36. bxc3 Qa2+ 37. Kf1 Rd5 38. Qe2 Qxe2+ 39. Kxe2 Bxc3 40. Rc7 Ke6 0-1

[Event "Pardubice op rapid 30th"]
[Site "Pardubice"]
[Date "2019.07.18"]
[Round "6"]
[White "Blandon, Luis Guillermo"]
[Black "Polschikov, Alexey"]
[Result "0-1"]
[WhiteElo "2239"]
[BlackElo "2375"]
[PlyCount "91"]
[EventDate "2019.07.17"]
[EventType "swiss (rapid)"]
[EventRounds "9"]
[EventCountry "CZE"]
[SourceTitle "CBM 191 Extra"]
[Source "ChessBase"]
[SourceDate "2019.09.30"]
[SourceVersion "1"]
[SourceVersionDate "2019.09.30"]
[SourceQuality "1"]

1. Nf3 Nf6 2. g3 b6 3. Bg2 Bb7 4. 0-0 c5 5. c4 e6 6. Nc3 Be7 7. d4 cxd4 8. Nxd4 Bxg2 9. Kxg2 Qc8 10. b3 d5 11. Ncb5 a6 12. Na3 0-0 13. Bb2 Qb7 14. Kg1 Rd8 15. cxd5 Nxd5 16. Nc4 Nc6 17. Nxc6 Qxc6 18. Ne5 Qb7 19. Qd4 Bf6 20. Rfd1 Rac8 21. Rac1 Nc3 22. Bxc3 Rxd4 23. Bxd4 Rxc1 24. Rxc1 Bxe5 25. Bxe5 h5 26. f3 Qd5 27. Bf4 Qd4+ 28. Kg2 e5 29. Rc8+ Kh7 30. Bc1 Qd1 31. Kf2 Qh1 32. Be3 Qxh2+ 33. Ke1 Qxg3+ 34. Bf2 Qf4 35. Rc4 Qf6 36. a4 b5 37. Rc5 bxa4 38. bxa4 h4 39. Rc4 g5 40. a5 Qf5 41. Re4 f6 42. Rb4 Qc2 43. Kf1 h3 44. Bg3 Qc1+ 45. Kf2 Qc5+ 46. Ke1 0-1

[Event "Pardubice op rapid 30th"]
[Site "Pardubice"]
[Date "2019.07.17"]
[Round "3"]
[White "Zwardon, Vojtech"]
[Black "Blandon, Luis Guillermo"]
[Result "0-1"]
[WhiteElo "2465"]
[BlackElo "2239"]
[PlyCount "180"]
[EventDate "2019.07.17"]
[EventType "swiss (rapid)"]
[EventRounds "9"]
[EventCountry "CZE"]
[SourceTitle "CBM 191 Extra"]
[Source "ChessBase"]
[SourceDate "2019.09.30"]
[SourceVersion "1"]
[SourceVersionDate "2019.09.30"]
[SourceQuality "1"]

1. c4 Nf6 2. Nc3 g6 3. g3 Bg7 4. Bg2 0-0 5. d3 d6 6. Bg5 Nc6 7. Qd2 e5 8. Bh6 Ng4 9. Bxg7 Kxg7 10. h3 Nf6 11. Nf3 h6 12. Rb1 a5 13. 0-0 Be6 14. a3 d5 15. cxd5 Nxd5 16. Ne4 Qe7 17. Rfc1 Rad8 18. b3 Bc8 19. Qb2 Rfe8 20. Rc2 f5 21. Ned2 Qf6 22. e3 Nb6 23. Ne1 Rd6 24. Rbc1 Bd7 25. b4 axb4 26. axb4 Nd5 27. b5 Ncb4 28. Rc4 Rb6 29. Rxb4 Nxb4 30. Qxb4 Rxb5 31. Qa3 c6 32. Nc4 Qf8 33. Qd6 Be6 34. Qxf8+ Rxf8 35. Nf3 Kf6 36. d4 exd4 37. Nxd4 Bxc4 38. Rxc4 Rb1+ 39. Bf1 Ra8 40. Kg2 Raa1 41. Be2 Rc1 42. Rb4 Rcb1 43. Rc4 Rc1 44. Nc2 Ra2 45. Bd3 Rb2 46. Kf3 Ke5 47. Ke2 Kd6 48. Kd2 Rbb1 49. g4 b5 50. Rd4+ Kc7 51. gxf5 gxf5 52. Rh4 Rd1+ 53. Ke2 Rdc1 54. Bxf5 c5 55. Rxh6 b4 56. Be4 b3 57. Na3 Ra1 58. Nb5+ Kd8 59. Rd6+ Ke7 60. Rb6 b2 61. Rb7+ Kd8 62. Rb8+ Ke7 63. Rb7+ Kf6 64. Rb6+ Ke5 65. Nd6 b1Q 66. f4+ Ke6 67. Nb5+ Ke7 68. Rb7+ Kd8 69. Bxb1 Raxb1 70. f5 Rb2+ 71. Kd3 c4+ 72. Ke4 c3 73. Nd6 Rxb7 74. Nxb7+ Kc7 75. Nc5 Rd1 76. Na6+ Kd6 77. Nb4 Rd2 78. h4 c2 79. Nxc2 Rxc2 80. Kf4 Rf2+ 81. Kg5 Ke5 82. e4 Kxe4 83. h5 Ke5 84. Kg6 Rg2+ 85. Kf7 Kxf5 86. h6 Ra2 87. h7 Ra7+ 88. Kg8 Kg6 89. h8N+ Kf6 90. Kf8 Ra8# 0-1

[Event "COL-ch sf1"]
[Site "Medellin"]
[Date "2019.04.21"]
[Round "10"]
[White "Blandon, Luis Guillermo"]
[Black "Herrera, Juan Sebastian"]
[Result "0-1"]
[WhiteElo "2221"]
[BlackElo "2336"]
[PlyCount "78"]
[EventDate "2019.04.16"]
[EventType "swiss"]
[EventRounds "10"]
[EventCountry "COL"]
[SourceTitle "CBM 190 Extra"]
[Source "ChessBase"]
[SourceDate "2019.07.15"]
[SourceVersion "1"]
[SourceVersionDate "2019.07.15"]
[SourceQuality "1"]

1. c4 Nf6 2. Nc3 e6 3. Nf3 Bb4 4. Qc2 c5 5. a3 Ba5 6. e3 Nc6 7. d4 b6 8. Bd2 cxd4 9. Nb5 dxe3 10. Bxa5 exf2+ 11. Qxf2 Nxa5 12. Nd6+ Ke7 13. Ne5 Qc7 14. Rd1 Nb7 15. Nexf7 Rf8 16. g4 Qc5 17. Qxc5 bxc5 18. Bg2 Rb8 19. Nxc8+ Rfxc8 20. Bxb7 Rxb7 21. Nd6 Rcb8 22. Nxb7 Rxb7 23. Rd2 Nxg4 24. Rg1 Ne5 25. Rxg7+ Kf6 26. Rg3 Nxc4 27. Rf2+ Ke5 28. Rg5+ Kd6 29. Rh5 Nxb2 30. Rd2+ Kc6 31. Rxh7 Nc4 32. Rd3 Rb1+ 33. Kf2 Ne5 34. Rg3 c4 35. h4 Rb2+ 36. Kg1 Rb3 37. Rg8 c3 38. Rc8+ Kb7 39. Rc5 Kb6 0-1

[Event "COL-ch sf1"]
[Site "Medellin"]
[Date "2019.04.17"]
[Round "3"]
[White "Matta, Paola Andrea"]
[Black "Blandon, Luis Guillermo"]
[Result "0-1"]
[WhiteElo "1988"]
[BlackElo "2221"]
[PlyCount "58"]
[EventDate "2019.04.16"]
[EventType "swiss"]
[EventRounds "10"]
[EventCountry "COL"]
[SourceTitle "CBM 190 Extra"]
[Source "ChessBase"]
[SourceDate "2019.07.15"]
[SourceVersion "1"]
[SourceVersionDate "2019.07.15"]
[SourceQuality "1"]

1. c4 Nf6 2. g3 g6 3. Bg2 Bg7 4. Nf3 0-0 5. 0-0 d6 6. d4 Nbd7 7. Qc2 e5 8. e4 exd4 9. Nxd4 Re8 10. Rd1 Nc5 11. Nc3 Qe7 12. Bg5 c6 13. b4 Ne6 14. Nxe6 Qxe6 15. Qd3 Ng4 16. Rac1 Ne5 17. Qxd6 Qxd6 18. Rxd6 Bf8 19. c5 h6 20. Rd8 Rxd8 21. Bxd8 Nd3 22. Rd1 Nxb4 23. Ba5 Na6 24. Na4 Be6 25. Rb1 Rb8 26. a3 Bg7 27. Bf1 Ba2 28. Re1 Bb3 29. Rb1 Bc2 0-1